[Event "Schwaebisch Gmuend op"]
[Site "Schwaebisch Gmuend"]
[Date "1995.??.??"]
[Round "?"]
[White "Blank, Oliver Kai"]
[Black "Jurek, Josef"]
[Result "0-1"]
[WhiteElo "2150"]
[BlackElo "2355"]

1.e4 e6 2.d4 d5 3.Nd2 Be7 4.c3 c5 5.Ngf3 Nf6 6.exd5 Nxd5 7.dxc5 Nd7 8.Bb5 O-O
9.c6 bxc6 10.Bxc6 Ba6 11.c4 Nb4 12.Bxa8 Nd3+ 13.Kf1 Qxa8 14.Ne1 N7e5 15.Nxd3 Nxd3
16.Qe2 Rd8 17.b3 Bg5 18.Qg4 Bh6 19.f4 Nxc1 20.Rxc1 Rxd2 21.Rg1 Qe4 22.g3 Qd3+  0-1

[Event "Siauliai"]
[Site "Siauliai"]
[Date "1995.??.??"]
[Round "6"]
[White "Zapolskis, Antanas"]
[Black "Lomonosovas, Leonidas"]
[Result "1-0"]
[WhiteElo "2385"]
[BlackElo "2190"]

1.e4 e6 2.d4 d5 3.Nd2 a6 4.Ngf3 Nf6 5.e5 Nfd7 6.Bd3 c5 7.c3 Nc6 8.O-O Qb6
9.Re1 cxd4 10.cxd4 Nxd4 11.Nxd4 Qxd4 12.Nf3 Qb6 13.Ng5 f5 14.exf6 Nxf6 15.Be3 Bc5
16.Bxc5 Qxc5 17.Rc1 Qa5 18.Bxh7 Bd7 19.Bf5 Kf8 20.Bxe6 Bc6 21.Qd4 Re8 22.b4 Qc7
23.h3 Qd6 24.Nf7  1-0

[Event "Skei-B"]
[Site "Skei"]
[Date "1995.??.??"]
[Round "9"]
[White "Fossan, Erik"]
[Black "Madsen, Peder"]
[Result "1-0"]
[WhiteElo "2335"]
[BlackElo "2220"]

1.e4 e6 2.d4 d5 3.Nd2 Nc6 4.Ngf3 Nf6 5.e5 Nd7 6.Nb3 a5 7.a4 b6 8.h4 h6 9.Bb5 Bb7
10.c3 Na7 11.Be2 Qc8 12.O-O Ba6 13.h5 Be7 14.Nh2 c5 15.Bxa6 Qxa6 16.Qg4 O-O-O
17.Qxg7 Rdf8 18.Qg4 Qd3 19.Re1 Nc6 20.Qe2 Qh7 21.dxc5 Nxc5 22.Nd4 Nxd4 23.cxd4 Nd7
24.Bd2 Kd8 25.Rac1 Ke8 26.Rc7 Bd8 27.Ra7 f5 28.exf6 Rxf6 29.Ng4 Rf7 30.Qxe6+ Re7
31.Qxd7+  1-0

[Event "CRO-ch"]
[Site "Slavonski Brod"]
[Date "1995.??.??"]
[Round "?"]
[White "Palac, Mladen"]
[Black "Kovacevic, Vlatko"]
[Result "0-1"]
[WhiteElo "2545"]
[BlackElo "2520"]

1.e4 e6 2.d4 d5 3.Nd2 Nc6 4.Ngf3 Nf6 5.e5 Nd7 6.Bb5 a5 7.O-O Na7 8.Bd3 c5
9.c4 cxd4 10.cxd5 Nc5 11.dxe6 Bxe6 12.Nb3 Nxb3 13.axb3 h6 14.Be4 Bc5 15.Bd2 Nc6
16.Bxc6+ bxc6 17.Qc2 Bb6 18.Qxc6+ Kf8 19.b4 Bd5 20.Qd6+ Qxd6 21.exd6 a4 22.Ne5 Ke8
23.Rac1 Kd8 24.b5 Re8 25.Rfe1 f6 26.Nc6+ Kd7 27.Ne7 Bb3 28.Rc6 Rab8 29.Bb4 d3
30.Kf1 Rb7 31.Re4 f5 32.Re5 Bd4 33.Rxf5 Bxb2 34.Rfc5 a3 35.Rc7+ Rxc7 36.Rxc7+ Ke6
37.d7 Rd8 38.Nc6 a2  0-1

[Event "CRO-ch"]
[Site "Slavonski Brod"]
[Date "1995.??.??"]
[Round "?"]
[White "Rogic, Davor"]
[Black "Kovacevic, Vlatko"]
[Result "0-1"]
[WhiteElo "2460"]
[BlackElo "2520"]

1.e4 e6 2.d4 d5 3.Nd2 a6 4.Ngf3 c5 5.exd5 exd5 6.Be2 Nf6 7.O-O Be7 8.dxc5 Bxc5
9.Nb3 Ba7 10.Qd3 O-O 11.Be3 Bxe3 12.Qxe3 Re8 13.Qd3 Bg4 14.Rfe1 Nc6 15.c3 Qb6
16.Bf1 Bxf3 17.Qxf3 a5 18.Rxe8+ Rxe8 19.Qf4 a4 20.Qxa4 Ne4 21.Nd4 Qxb2 22.Nc2 Qb6
23.Bd3 Qxf2+ 24.Kh1 Nc5 25.Qb5 Nxd3 26.Qxd3 Re2 27.Qxe2 Qxe2 28.Re1 Qe6 29.Rxe6 fxe6
30.Kg1 Kf7 31.Kf2 e5 32.Ke3 Ke6 33.Kd3 h5 34.a4 Na5 35.Ne3 b6 36.Nd1 Nb3
37.Nb2 Nc5+ 38.Ke3 g5 39.g3 Kf5 40.Kf3 g4+ 41.Ke3 Ke6 42.Kd2 Kd6 43.Ke3 Kc6
44.Kd2 Kb7 45.Kc2 Ka6 46.Kd2 Ka5 47.Kc2 Ka6 48.Kd2 Kb7 49.Kc2 Kc6 50.Kd2 Kd6
51.Ke3 Ke6 52.Kd2 Kf6 53.Ke2 e4 54.Kd2 Ke5 55.Ke2 Ne6 56.c4 d4 57.c5 bxc5
58.a5 Kd5  0-1

[Event "St Ingbert op"]
[Site "St Ingbert op"]
[Date "1995.??.??"]
[Round "7"]
[White "Bruehl, Andreas"]
[Black "Bukal, Vladimir Sr"]
[Result "1/2-1/2"]
[WhiteElo "2145"]
[BlackElo "2430"]

1.e4 e6 2.d4 d5 3.Nd2 a6 4.exd5 exd5 5.Bd3 Bd6 6.Ngf3 Bg4 7.O-O Ne7 8.Re1 Qd7
9.c3 Nc6 10.Qc2 f6 11.b3 Kf7 12.a4 Rhe8 13.Ba3 Bxa3 14.Rxa3 Ng6 15.h3 Rxe1+
16.Nxe1 Be6 17.Ndf3 Re8 18.Ra1 Nf4 19.Bf1 Bf5 20.Qd2 Qd6 21.Nd3 Nxd3 22.Bxd3 Be4
23.Nh2 Na5 24.Bc2 Qe6 25.Re1 Qf5 26.Bxe4 Rxe4 27.Rxe4 Qxe4 28.Qd1 g6 29.Ng4 b6
30.Ne3 Ke6 31.b4 Nc4 32.Nxc4 dxc4 33.Qg4+ Qxg4 34.hxg4 f5 35.gxf5+ Kxf5 36.f3 h5
37.g3 g5 38.Kg2 c6 39.a5 bxa5 40.bxa5 Ke6 41.Kh3 Kd5 42.Kg2 c5 43.dxc5 Kxc5
44.Kh3 Kd5 45.Kg2  1/2-1/2

[Event "St Petersburg op"]
[Site "St Petersburg"]
[Date "1995.??.??"]
[Round "5"]
[White "Popov, Valerij"]
[Black "Chepukaitis, Genrikh"]
[Result "1-0"]
[WhiteElo "2430"]
[BlackElo "2300"]

1.e4 e6 2.d4 d5 3.Nd2 Nc6 4.Ngf3 Nge7 5.g3 b6 6.c3 Qd7 7.Bb5 a6 8.Ne5 Qd6
9.Qf3 f5 10.Bxc6+ Nxc6 11.Qh5+ g6 12.Nxg6 hxg6 13.Qxh8 fxe4 14.f3 e5 15.fxe4 exd4
16.O-O dxc3 17.bxc3 Be6 18.exd5 Qc5+ 19.Rf2 Bxd5 20.Nb3 Bxb3 21.Be3 Qxe3
22.Qxf8+ Kd7 23.Qxa8 Qxc3 24.Raf1 Bd5 25.Rd1 Qc5 26.Qxa6 b5 27.a4 Nd4 28.Qf6 Ne2+
29.Kf1 Nc3 30.Qd4 Qc6 31.Rc2  1-0

[Event "SWZ-chT"]
[Site "SWZ"]
[Date "1995.??.??"]
[Round "5"]
[White "Gast, Jonathan"]
[Black "Leib, Agripa"]
[Result "1-0"]
[WhiteElo "2250"]
[BlackElo "2135"]

1.e4 e6 2.d4 d5 3.Nd2 a6 4.Ngf3 c5 5.exd5 exd5 6.dxc5 Bxc5 7.Nb3 Bd6 8.Bg5 f6
9.Be3 Ne7 10.Nfd4 Nbc6 11.Qh5+ g6 12.Qh6 Kf7 13.Be2 Ne5 14.O-O-O Qc7 15.Kb1 Bd7
16.h3 Rac8 17.f4 Nc4 18.Bc1 Nf5 19.Nxf5 Bxf5 20.Bd3 Bxd3 21.cxd3 Nb6 22.Be3 Bf8
23.Qh4 Bg7 24.Rc1 Qd6 25.Bc5 Qd8 26.Rhe1 Bf8 27.Qf2 Na4 28.Bd4 Rxc1+ 29.Rxc1 Bd6
30.Qf3 Be7 31.f5 Re8 32.g4 Qd7 33.Qf4 g5 34.Qc7 Rd8 35.Qa5 Kg7 36.Rc7 Qe8
37.Rxb7 Kf8 38.Qxa6  1-0

[Event "SWZ-chT"]
[Site "SWZ"]
[Date "1995.??.??"]
[Round "5"]
[White "Godena, Michele"]
[Black "Schauwecker, Meinrad"]
[Result "1-0"]
[WhiteElo "2420"]
[BlackElo "2340"]

1.e4 e6 2.d4 d5 3.Nd2 Be7 4.Bd3 b6 5.c3 c5 6.Ne2 Nf6 7.e5 Nfd7 8.O-O Ba6
9.Bxa6 Nxa6 10.Nf4 b5 11.a4 cxd4 12.cxd4 Qb6 13.axb5 Nc7 14.Qg4 Qxd4 15.Nf3 Nxe5
16.Nxe5 Qxe5 17.b6 axb6 18.Rxa8+ Nxa8 19.Nd3 Qe4 20.Qxg7 Rf8 21.Qg3 Bd8 22.Re1 Qg6
23.Qd6 Qxd3 24.Qc6+ Ke7 25.Bg5+  1-0

[Event "SWZ-chT"]
[Site "SWZ"]
[Date "1995.??.??"]
[Round "8"]
[White "Milosevic, Goran"]
[Black "Masserey, Yvan"]
[Result "1-0"]
[WhiteElo "2390"]
[BlackElo "2350"]

1.e4 e6 2.d4 d5 3.Nd2 a6 4.Ngf3 c5 5.exd5 exd5 6.Be2 c4 7.O-O Bd6 8.Re1 Ne7
9.Nf1 O-O 10.b3 cxb3 11.axb3 Bb4 12.Bd2 Bxd2 13.Qxd2 Nbc6 14.Bd3 Qd6 15.c3 Be6
16.Ng3 h6 17.h3 Rac8 18.Nh4 Rc7 19.Nh5 Nb8 20.Re3 Ng6 21.Rg3 Re7 22.Bxg6  1-0

[Event "JUG-chT"]
[Site "Tivat"]
[Date "1995.??.??"]
[Round "8"]
[White "Markovic, Zoran S"]
[Black "Cabarkapa, Spasoje"]
[Result "0-1"]
[WhiteElo "2395"]
[BlackElo "2265"]

1.e4 e6 2.d4 d5 3.Nd2 a6 4.Ngf3 c5 5.exd5 Qxd5 6.Bc4 Qd8 7.a4 Nf6 8.O-O Nbd7
9.a5 Be7 10.Qe2 cxd4 11.Nb3 O-O 12.Nbxd4 Nc5 13.Rd1 Qc7 14.Bg5 Re8 15.Bh4 b5
16.axb6 Qxb6 17.Ne5 Bb7 18.c3 Rad8 19.f3 Nd5 20.Bf2 Qc7 21.Bg3 Bd6 22.Kf2 Nb6
23.Ba2 Ne4+ 24.fxe4 Bxe5 25.Nf3 Bxg3+ 26.hxg3 Nd7 27.Bb1 Nf6 28.Rxd8 Ng4+
29.Kg1 Rxd8 30.Bd3 Qb6+ 31.Nd4 Rxd4 32.cxd4 Qxd4+ 33.Kh1 Nf2+ 34.Kh2 Nxd3
35.e5 h6 36.Rd1 Be4 37.Rd2 Bf5 38.Qf3 Qc4 39.Qb7 Qc1 40.Re2 Qd1 41.Qf3 Qb3
42.Qa8+ Kh7 43.Qxa6 Qd1  0-1

[Event "FRA-ch"]
[Site "Toulouse"]
[Date "1995.??.??"]
[Round "2"]
[White "Lepelletier, Benoit"]
[Black "Bauer, Christian"]
[Result "0-1"]
[WhiteElo "2445"]
[BlackElo "2420"]

1.e4 e6 2.d4 d5 3.Nd2 a6 4.Ngf3 c5 5.dxc5 Bxc5 6.Bd3 Nc6 7.a3 Nf6 8.Qe2 Be7
9.O-O Qc7 10.b3 O-O 11.Bb2 b5 12.Rae1 Bb7 13.Ng5 h6 14.e5 Nd7 15.f4 Nc5 16.Ngf3 b4
17.a4 Nxd3 18.cxd3 Rac8 19.Rc1 a5 20.Kh1 Qb6 21.g4 Bc5 22.f5 Nd4 23.Bxd4 Bxd4
24.g5 Rxc1 25.Rxc1 Be3 26.gxh6 Bxh6 27.f6 g6 28.d4 Rc8 29.Rd1 Qa6 30.Qf2 Qd3
31.Qh4 Qe3 32.Rg1 Rc2 33.Rg3 Rc1+ 34.Kg2 Bf4 35.Rxg6+ fxg6 36.f7+  0-1

[Event "FRA-ch"]
[Site "Toulouse"]
[Date "1995.??.??"]
[Round "11"]
[White "Renet, Olivier"]
[Black "Bricard, Emmanuel"]
[Result "1-0"]
[WhiteElo "2520"]
[BlackElo "2485"]

1.e4 e6 2.d4 d5 3.Nd2 Nc6 4.Ngf3 Nf6 5.e5 Nd7 6.Nb3 a5 7.a4 b6 8.Be3 Be7
9.c3 Bb7 10.Bd3 Qc8 11.O-O Ba6 12.Nc1 Na7 13.Ne1 c5 14.f4 f5 15.g4 Bxd3 16.Ncxd3 O-O
17.h3 c4 18.Nc1 b5 19.axb5 Nxb5 20.Ne2 Nb6 21.gxf5 exf5 22.Nc2 a4 23.Bc1 Ra7
24.Kh2 Qe6 25.Rg1 Rfa8 26.Rb1 g6 27.Ne3 Kh8 28.Rg2 Ra5 29.Qe1 Nc7 30.Ra1 Rb5
31.Ng1 Rb3 32.Nf3 a3 33.bxa3 Na4 34.Nd1 Rab8 35.Nd2 R3b6 36.Qg3 Nb5 37.Qf3 R6b7
38.Ra2 Bd8 39.Qe3 Na7 40.Rc2 Nc6 41.Nf3 Be7 42.h4 h5 43.Rg3 Kh7 44.Nf2 Nd8
45.Nh3 Nf7 46.Nfg5+ Nxg5 47.fxg5 Kg7 48.Nf4 Qc6 49.Qf3 Nb6 50.Rgg2 Rd8 51.Rb2 Ra7
52.Rb1 Na8 53.Rgb2 Rdd7 54.Rb8 Bxa3 55.Bxa3 Rxa3 56.Nxh5+ gxh5 57.Qxh5 Rb3
58.Qh8+ Kf7 59.Qg8+  1-0

[Event "FRA-ch"]
[Site "Toulouse"]
[Date "1995.??.??"]
[Round "12"]
[White "Marciano, David"]
[Black "Prie, Eric"]
[Result "1/2-1/2"]
[WhiteElo "2455"]
[BlackElo "2480"]

1.e4 e6 2.d4 d5 3.Nd2 Be7 4.Ngf3 dxe4 5.Nxe4 Nf6 6.Nxf6+ Bxf6 7.Bd3 c5 8.dxc5 Nd7
9.O-O Nxc5 10.Bb5+ Bd7 11.Qe2 a6 12.Bxd7+ Qxd7 13.Rd1 Qc7 14.c4 O-O 15.Bg5 Bxg5
16.Nxg5 h6 17.Nf3 Rfd8 18.g3 Rxd1+ 19.Rxd1 Rd8 20.b4 Rxd1+ 21.Qxd1 Nd7 22.Qd4 Qc6
23.c5 Qxf3 24.Qxd7 g5 25.a4 Qe4 26.Qd8+ Kg7 27.Qb6  1/2-1/2

[Event "SVK-ch"]
[Site "Trencin"]
[Date "1995.??.??"]
[Round "6"]
[White "Hagarova, Zuzana"]
[Black "Pcola, Pavel"]
[Result "1/2-1/2"]
[WhiteElo "2215"]
[BlackElo "2335"]

1.e4 e6 2.d4 d5 3.Nd2 Nc6 4.Ngf3 Nf6 5.e5 Nd7 6.Be2 b6 7.Nf1 Bb7 8.Ne3 Qe7
9.c3 f6 10.exf6 gxf6 11.O-O O-O-O 12.Re1 Rg8 13.Bf1 Qf7 14.a4 Kb8 15.b4 e5
16.a5 exd4 17.cxd4 Bxb4 18.axb6 cxb6 19.Nf5 Bxe1 20.Bf4+ Ka8 21.Nxe1 Ndb8
22.Nd6 Rxd6 23.Bxd6 Qe6 24.Bg3 Na5 25.Bd3 Re8 26.Qb1 Nbc6 27.Nf3 h6 28.h3 Nc4
29.Bxc4 dxc4 30.Qxb6 Qd5 31.Qc5 Qxc5 32.dxc5 Nb4 33.Nd4 Rc8 34.Nb5 Na6 35.Bd6 c3
36.Nxc3 Nxc5 37.Nb5 Na6 38.Bf4 Rg8 39.g3 h5 40.h4 Rg7 41.Be3 Bc6 42.Nd4 Nb8  1/2-1/2

[Event "Val Thorens op"]
[Site "Val Thorens"]
[Date "1995.??.??"]
[Round "?"]
[White "Safranska, Anda"]
[Black "Bauer, Christian"]
[Result "1/2-1/2"]
[WhiteElo "2240"]
[BlackElo "2420"]

1.e4 e6 2.d4 d5 3.Nd2 a6 4.Ngf3 c5 5.exd5 exd5 6.dxc5 Bxc5 7.Nb3 Bb6 8.Be2 Nf6
9.O-O O-O 10.Bg5 Re8 11.Nbd4 Nc6 12.c3 Qd6 13.Re1 Bg4 14.Qd3 Ne4 15.Be3 Bc7
16.g3 Qf6 17.Nxc6 bxc6 18.Bd4 Qh6 19.Nh4 Bd7 20.Be3 Qf6 21.Nf3 Rab8 22.Bd4 Qd8
23.b4 a5 24.a3 h6 25.Bf1 Bf5 26.Qd1 Qd7 27.Bg2 Bh3 28.Qd3 Bxg2 29.Kxg2 Re6
30.Nd2 Rbe8 31.Nxe4 dxe4 32.Qc4 Rg6 33.bxa5 Bxa5 34.Re3 Kh7 35.Rb1 f5 36.f4 exf3+
37.Rxf3 Qe7 38.Rbf1 Qe4 39.Qd3 Bc7 40.Qxe4 fxe4 41.Rf8 Ree6 42.a4 Be5 43.Re1 c5
44.Bxe5 Rxe5 45.Rf4 Rge6 46.a5 c4 47.a6 Rxa6 48.Rexe4 Ra2+ 49.Kf3 Rxe4 50.Rxe4 Rxh2  1/2-1/2

[Event "Val Thorens op"]
[Site "Val Thorens"]
[Date "1995.??.??"]
[Round "?"]
[White "Safranska, Anda"]
[Black "Geffroy, Laurent"]
[Result "1/2-1/2"]
[WhiteElo "2240"]
[BlackElo "2070"]

1.e4 e6 2.d4 d5 3.Nd2 Nc6 4.Ngf3 Nf6 5.e5 Nd7 6.Bd3 Nb4 7.Be2 c5 8.c3 Nc6
9.Nf1 Be7 10.Ne3 cxd4 11.cxd4 O-O 12.O-O f6 13.exf6 Nxf6 14.g3 Bd6 15.Re1 Bd7
16.Ng2 Qb6 17.Nf4 Rae8 18.Rf1 Kh8 19.Bd3 Nxd4 20.Nxd4 Qxd4 21.Be3 Qxb2 22.Rb1 Qc3
23.Rxb7 d4 24.Bd2 Qc6 25.Rxa7 e5 26.Ra6 Qc5 27.a3 Qc7 28.Nh5 e4 29.Ba5 Qb8
30.Rb6 Qc7 31.Ra6 Qc5 32.Bb4 Qxh5 33.Qxh5 Nxh5 34.Rxd6 Bh3 35.Bb5 Rb8 36.Rxd4 Bxf1
37.Bxf1 Rfe8 38.Kg2 Nf6 39.h4 h6 40.Be2 Red8 41.Rxd8+ Rxd8 42.Bb5 Nd5 43.Be1 Rc8
44.a4 Rc2 45.Kh3 Nc7 46.Bd7 Na6 47.Bf5 Nc5 48.a5 Ra2 49.Kg4 Nd3 50.Bc3 Nxf2+
51.Kf4 Ra4 52.Bd2 Nd1 53.Be1 Nb2 54.Ke3 Nc4+ 55.Kxe4 Nxa5+ 56.Kf3 Nc6 57.Kg2 Nd4
58.Bg6 Ra6 59.Bd3 Ra2+ 60.Bf2 Rd2 61.Bg6 Kg8 62.g4 Ne6 63.Kf3 Rd6 64.h5 Ng5+
65.Kg2 Rxg6 66.hxg6 Ne6 67.Kg3 Nf8 68.g5 hxg5  1/2-1/2

[Event "CUB-ch sf"]
[Site "Villa Clara"]
[Date "1995.??.??"]
[Round "3"]
[White "Espinosa, Julio"]
[Black "Sieiro Gonzalez, Luis"]
[Result "0-1"]
[WhiteElo "2380"]
[BlackElo "2380"]

1.e4 e6 2.d4 d5 3.Nd2 a6 4.Ngf3 c5 5.dxc5 Bxc5 6.Bd3 Nc6 7.O-O Nf6 8.c3 Qc7
9.Qe2 Bd7 10.e5 Ng4 11.Nb3 Bb6 12.Bf4 f6 13.Bg3 Ngxe5 14.Nxe5 fxe5 15.Qh5+ Kf8
16.Nd4 Bxd4 17.cxd4 Be8 18.Qh3 Nxd4 19.f4 e4 20.f5 e5 21.f6 exd3 22.Kh1 Bg6
23.Rac1 Nc6 24.Qe6 Re8 25.Qxd5 Qd8 26.Qb3 Qd7 27.Rc4 gxf6 28.Bh4 Re6 29.Bxf6 Rxf6
30.Rxf6+ Kg7 31.Rf1 Na5 32.Qb6 Nc6 33.Qe3 Re8 34.Rh4 d2 35.Rd1 Rd8 36.h3 Qd3
37.Qh6+ Kg8 38.Rg4 Qc2 39.Kh2 Qxd1 40.Rxg6+ hxg6 41.Qxg6+ Kf8 42.Qh6+ Ke7  0-1

[Event "LTU-ch"]
[Site "Vilnius"]
[Date "1995.??.??"]
[Round "2"]
[White "Macionis, Andrius"]
[Black "Survila, Rimvydas"]
[Result "1/2-1/2"]
[WhiteElo "2330"]
[BlackElo "2255"]

1.e4 e6 2.d4 d5 3.Nd2 Nc6 4.Ngf3 Nf6 5.e5 Nd7 6.Nb3 a5 7.a4 Be7 8.Bb5 Na7
9.Bd3 b6 10.Bd2 c5 11.dxc5 Nxc5 12.Nbd4 Nxd3+ 13.cxd3 Ba6 14.Qb3 O-O 15.O-O Rc8
16.Rfc1 Bc5 17.Be3 Qd7 18.Rc2 Nc6 19.Nxc6 Bxe3 20.fxe3 Rxc6 21.Rac1 Rfc8
22.Nd4 Rxc2 23.Rxc2 Rxc2 24.Qxc2 Qc8 25.Qxc8+ Bxc8 26.Kf2 f6 27.Nf3 Kf7 28.e4 dxe4
29.dxe4 Ba6 30.Ke3 Ke7 31.Kd4 Kd7 32.exf6 gxf6 33.e5 f5 34.Ng5 h6 35.Nf7 h5
36.Nd6 Be2 37.Nb5 Bd1 38.Nc3 Bb3 39.h4 Kc6 40.g3 Bc2 41.Kc4 Bxa4 42.Nxa4 b5+
43.Kb3 bxa4+ 44.Kxa4 Kb6 45.b4 axb4 46.Kxb4 Kc6 47.Kc4 Kb6 48.Kb4  1/2-1/2

[Event "Vinkovci"]
[Site "Vinkovci"]
[Date "1995.??.??"]
[Round "?"]
[White "Rogic, Davor"]
[Black "Kovacevic, Vlatko"]
[Result "1/2-1/2"]
[WhiteElo "2460"]
[BlackElo "2520"]

1.e4 e6 2.d4 d5 3.Nd2 a6 4.Ngf3 c5 5.exd5 exd5 6.Be2 Nf6 7.O-O Be7 8.dxc5 Bxc5
9.Nb3 Ba7 10.Bg5 O-O 11.c3 Re8 12.Nfd4 Nc6 13.Bf3 Re5 14.Be3 h6 15.Re1 Qd6
16.Qd2 Bg4 17.h3 Bxf3 18.Nxf3 Bxe3 19.Rxe3 Rxe3 20.Qxe3 Qc7 21.Rd1 Re8 22.Qc5 Ne4
23.Qe3 a5 24.Nbd4 Qb6 25.Qe2 Nxd4 26.Rxd4 Nf6 27.Qc2 Qc5 28.Qd1 Re6 29.Ne1 Re4
30.Rd2 g6 31.Nc2 Kg7 32.Ne3 Re5 33.Rd4 b6 34.Qd3 Re4 35.f3 Rxd4 36.Qxd4 Qxd4
37.cxd4 Kf8 38.Kf2 Ke7 39.Ng4 Nxg4+ 40.fxg4 Kf6 41.a4  1/2-1/2

[Event "AUT-chT9596"]
[Site "Vorarlberg"]
[Date "1995.??.??"]
[Round "7"]
[White "Schenkenfelder, Roland"]
[Black "Lochner, Herbert"]
[Result "1/2-1/2"]
[WhiteElo "1870"]
[BlackElo "1840"]

1.e4 e6 2.d4 d5 3.Nd2 a6 4.Ngf3 c5 5.exd5 exd5 6.dxc5 Bxc5 7.Bd3 Nf6 8.O-O O-O
9.Nb3 Ba7 10.h3 Nc6 11.c3 Re8 12.Nbd4 Qd6 13.Be3 Ne4 14.Nxc6 bxc6 15.Bxa7 Rxa7
16.Re1 Rae7 17.Bxe4 Rxe4 18.Rxe4 Rxe4 19.Qd2 f6 20.Re1 Rxe1+ 21.Qxe1 Kf7
22.Qe3 c5 23.Qd2  1/2-1/2

[Event "POL-ch (Women)"]
[Site "Warsaw"]
[Date "1995.??.??"]
[Round "10"]
[White "Leszner, Liliana"]
[Black "Zielinska, Marta"]
[Result "1/2-1/2"]
[WhiteElo "2205"]
[BlackElo "2220"]

1.e4 e6 2.d4 d5 3.Nd2 Be7 4.c3 dxe4 5.Nxe4 Nf6 6.Nxf6+ Bxf6 7.Bd3 Nd7 8.Be3 Qe7
9.Nf3 O-O 10.O-O c5 11.Re1 Rd8 12.Qc2 g6 13.Rad1 cxd4 14.Nxd4 Nc5 15.Bc4 Bd7
16.b4 Ba4 17.Bb3 Nxb3 18.axb3 Be8 19.Ra1 Rac8 20.Red1 b6 21.Rac1 Rd7 22.b5 e5
23.Nc6 Rxd1+ 24.Rxd1 Bxc6 25.bxc6 Rxc6 26.c4 Rd6 27.Re1 Qd7 28.h3 Qc6 29.Qe2 Bg7
30.Bc1 Qd7 31.Qf3 h6 32.Be3 Kh7 33.b4 f5 34.c5 e4 35.Qe2 bxc5 36.Bxc5 Rd2
37.Qa6 Bd4 38.Bxd4 Qxd4 39.Rf1 h5 40.Qe6 Qg7 41.Rc1 Qd7 42.Qe5 Rd1+ 43.Rxd1 Qxd1+
44.Kh2 Qd7 45.h4 Qg7 46.Qe6 Qb7 47.g3 Qc7 48.Qf6 Qd7 49.b5 Qc7 50.Kg2 Qd7
51.Kh2 Qe8 52.Kh3 Qg8 53.Kh2 Qg7 54.Qe6 Qh6 55.Qd6  1/2-1/2

[Event "Werfen op"]
[Site "Werfen"]
[Date "1995.??.??"]
[Round "5"]
[White "Klundt, Klaus"]
[Black "Wichmann, Cliff"]
[Result "1-0"]
[WhiteElo "2315"]
[BlackElo "2205"]

1.e4 e6 2.d4 d5 3.Nd2 a6 4.Ngf3 c5 5.dxc5 Bxc5 6.Bd3 Nc6 7.O-O Nb4 8.Be2 Nf6
9.e5 Nd7 10.Nb3 Ba7 11.Bf4 Nc6 12.Qd2 f6 13.exf6 Nxf6 14.Bd3 O-O 15.Rae1 Qe8
16.Bd6 Ne4 17.Bxe4 dxe4 18.Rxe4 Rf5 19.Ne5 Nxe5 20.Rxe5 Bd7 21.Rxf5 exf5
22.Re1 Be6 23.Bc5 b6 24.Bd4 Qg6 25.Bc3 b5 26.Qd6 Bf7 27.Qxg6 hxg6 28.Re7 Rd8
29.Kf1 Bb8 30.g3 Bd6 31.Rb7 Rc8 32.Ke1 Bf8 33.Kd2 g5 34.a3 Bh5 35.Bd4 Rd8
36.c3 Re8 37.Nc1 Rd8 38.Ra7 Rd6 39.Nd3 Re6 40.Ne5 Bc5 41.Bxc5 Rxe5 42.Bd4 Re2+
43.Kd3 g6 44.Rxa6 Rxb2 45.h3 Kf7 46.Rf6+ Ke7 47.Rb6 Ra2 48.Be3 Kf7 49.Kd4 f4
50.gxf4 gxf4 51.Bxf4 Rxf2 52.Be5 Ra2 53.Ra6 Rf2 54.Kd5 Bf3+ 55.Kd6 Rd2+ 56.Bd4 g5
57.Kc5 Bg2 58.Rf6+ Ke7 59.Rg6 Bxh3 60.Kxb5 g4 61.a4 Bf1+ 62.Kb4 Be2 63.Kb3 Rd1
64.a5 Ra1 65.Rg5 Kd7 66.Bb6 Rb1+ 67.Kc2 Ra1 68.Kd2 Bf3 69.c4 Ra3 70.Rg6 Rb3
71.a6 g3 72.Rg7+ Ke6 73.Rxg3 Rxb6 74.Rg6+  1-0

[Event "Hoogovens op"]
[Site "Wijk aan Zee"]
[Date "1995.??.??"]
[Round "12"]
[White "Zapata, Alonso"]
[Black "Nikolic, Predrag"]
[Result "0-1"]
[WhiteElo "2535"]
[BlackElo "2645"]

1.e4 e6 2.d4 d5 3.Nd2 a6 4.Ngf3 c5 5.exd5 exd5 6.Be2 c4 7.O-O Bd6 8.b3 b5
9.Re1 Ne7 10.Nf1 O-O 11.Ng3 Nbc6 12.c3 Ng6 13.Bf1 Qc7 14.Bd2 Bd7 15.bxc4 bxc4
16.Qc2 f5 17.Be2 f4 18.Nf1 Rab8 19.Bd1 Qa5 20.Ng5 Rf6 21.Rb1 Rb5 22.Bf3 h6
23.Rxb5 Qxb5 24.Nh3 Nce7 25.Kh1 Bf5 26.Qd1 Qd7 27.Ng1 Nh4 28.Bh5 Be4 29.f3 Bd3
30.Nh3 Bg6 31.Bg4 Bf5 32.Bxf5 Rxf5 33.Qe2 Kf7 34.Rb1 Rf6 35.Rb6 Nxg2 36.Qxg2 Rg6
37.Rxd6 Qxd6 38.Bxf4 Rxg2 39.Bxd6 Rxa2 40.Nf4 g5 41.Ng2 Nf5 42.Bc5 Ra1 43.Kg1 a5
44.Kf2 Ra2+ 45.Kg1 a4 46.Nfe3 Nxe3 47.Nxe3 Ke6  0-1

[Event "EU-ch U18"]
[Site "Zagan"]
[Date "1995.??.??"]
[Round "3"]
[White "Bobras, Piotr"]
[Black "Baklan, Vladimir"]
[Result "1/2-1/2"]
[WhiteElo "2300"]
[BlackElo "2490"]

1.e4 e6 2.d4 d5 3.Nd2 Nc6 4.Ngf3 Nf6 5.e5 Nd7 6.Be2 b6 7.O-O Bb7 8.b3 Be7
9.Bb2 Nf8 10.Ne1 Qd7 11.f4 O-O-O 12.Ndf3 f5 13.exf6 gxf6 14.f5 Kb8 15.Nd3 Bd6
16.c4 exf5 17.c5 bxc5 18.dxc5 Be5 19.Ndxe5 fxe5 20.Nxe5 Nxe5 21.Bxe5 Rg8
22.Qd2 Ne6 23.Rac1 Ka8 24.b4 Rde8 25.Bg3 Ng5 26.b5 Ne4 27.c6 Nxd2 28.cxd7 Rd8
29.Rxf5 Rxd7 30.Rxc7 Rxc7 31.Bxc7 d4 32.g3 Re8 33.Bf4 Bc8 34.Re5 Rxe5 35.Bxe5 d3
36.Bf4 dxe2 37.Bxd2 Bd7 38.a4 a6 39.bxa6 Bxa4 40.Kf2 Ka7 41.Kxe2 Kxa6  1/2-1/2

[Event "EU-ch U16"]
[Site "Zagan"]
[Date "1995.??.??"]
[Round "5"]
[White "Fuchs, Georg"]
[Black "Praznik, Niko"]
[Result "0-1"]
[WhiteElo "2220"]
[BlackElo "2130"]

1.e4 e6 2.d4 d5 3.Nd2 Nc6 4.c3 e5 5.dxe5 dxe4 6.Bb5 Bd7 7.Nxe4 Nxe5 8.Qd5 Nc6
9.Nf3 Nge7 10.Qb3 Ng6 11.O-O Be7 12.Bg5 h6 13.Bxe7 Qxe7 14.Rfe1 O-O 15.Rad1 Be6
16.Qc2 Nge5 17.Nd4 Nxd4 18.cxd4 Qb4 19.Nc3 Ng4 20.d5 Bc8 21.d6 cxd6 22.Nd5 Qxb5
23.Nc7 Qh5 24.h3 Rb8 25.hxg4 Qxg4 26.Re3 Bf5 27.Qd2 Qg5 28.Qb4 Bg6 29.Rg3 Qc5
30.Qxc5 dxc5 31.Ra3 a6 32.Rc3 Rbd8 33.Nd5 b6 34.Rcc1 Rb8 35.Ne7+ Kh7 36.Rd6 Rfe8
37.Nd5 Re6 38.Rxe6 fxe6 39.Nc7 Bf5 40.f3 h5 41.Re1 Rd8 42.Re2 Rd6 43.Kf2 b5
44.Re5 Rc6 45.Nd5 exd5 46.Rxf5 d4 47.Rxh5+ Kg6 48.Rd5 Kf6 49.f4 Ke6 50.Re5+ Kd6
51.Ke2 c4 52.Rg5 Rc7 53.a3 Re7+ 54.Kd2 Kc6 55.g3 d3 56.Kd1 Rd7 57.Kd2 a5
58.Rg6+ Rd6 59.Rxg7 b4 60.axb4 axb4 61.f5 c3+ 62.bxc3 bxc3+ 63.Kd1 d2 64.Rg6 c2+  0-1

[Event "EU-ch U18 Girls"]
[Site "Zagan"]
[Date "1995.??.??"]
[Round "7"]
[White "Lakos, Nikoletta"]
[Black "Kiseleva, Natalia"]
[Result "0-1"]
[WhiteElo "2275"]
[BlackElo "2260"]

1.e4 e6 2.d4 d5 3.Nd2 Nc6 4.c3 dxe4 5.Nxe4 Qd5 6.Qf3 e5 7.Be3 exd4 8.Bf4 Be6
9.Bxc7 Be7 10.Ne2 f5 11.Nd2 Qd7 12.Bg3 Nf6 13.Qd3 Nd5 14.a3 dxc3 15.Nxc3 O-O
16.Nxd5 Bxd5 17.f3 f4 18.Bf2 Ne5 19.Qd4 Qe6 20.O-O-O Rac8+ 21.Kb1 b6 22.Ba6 Rcd8
23.Qa4 Qg6+ 24.Qc2 Ba2+ 25.Kc1 Rc8 26.Bxc8 Nd3+ 27.Qxd3 Qxd3  0-1

[Event "Zalakaros op"]
[Site "Zalakaros"]
[Date "1995.??.??"]
[Round "8"]
[White "Pergel, Laszlo"]
[Black "Vigh, Bela"]
[Result "1/2-1/2"]
[WhiteElo "2145"]
[BlackElo "2370"]

1.e4 e6 2.d4 d5 3.Nd2 Nc6 4.c3 Nf6 5.e5 Nd7 6.Bd3 Ne7 7.Ngf3 c5 8.O-O Nc6
9.Qe2 Qb6 10.Rd1 Be7 11.Nf1 cxd4 12.cxd4 Nxd4 13.Nxd4 Qxd4 14.Bb5 Qb6 15.Be3 Qd8
16.Qg4 Kf8 17.Bxd7 Bxd7 18.Ng3 f5 19.exf6 Bxf6 20.Nh5 Rg8 21.Rd3 Kf7 22.Qf3 Bc6
23.Bd4 Rf8 24.Nxf6 gxf6 25.Qh5+ Kg8 26.Qg4+ Kf7 27.Rg3 e5 28.Bc5 Rg8 29.Qh5+ Ke6
30.Qh3+ f5 31.Qxh7 Rxg3 32.hxg3 Qf6 33.Qc7 Rd8 34.Bxa7 Rd7 35.Qb6 d4 36.Re1 e4
37.Qb4 d3 38.Qb3+ Bd5 39.Qxd3 Qh6 40.Qe3 Qh5 41.Qb6+ Bc6 42.Qb3+ Bd5 43.Qb6+ Bc6
44.Qb4 Rh7 45.Qc4+ Kd7 46.f3 f4 47.gxf4 Qh1+ 48.Kf2 Qh4+ 49.Kf1 Qh1+ 50.Kf2 Qh4+
51.Kf1 Qh1+  1/2-1/2

[Event "Aarhus-A"]
[Site "Aarhus"]
[Date "1996.??.??"]
[Round "3"]
[White "Pedersen, Jan"]
[Black "Sorensen, Jan"]
[Result "1/2-1/2"]
[WhiteElo "2335"]
[BlackElo "2390"]

1.e4 e6 2.d4 d5 3.Nd2 Nc6 4.Ngf3 Nf6 5.e5 Nd7 6.b3 a5 7.a4 f6 8.Bb2 Be7 9.Bb5 O-O
10.O-O fxe5 11.Nxe5  1/2-1/2

[Event "Aarhus-A"]
[Site "Aarhus"]
[Date "1996.??.??"]
[Round "5"]
[White "Jensen, Vagn"]
[Black "Sorensen, Jan"]
[Result "1/2-1/2"]
[WhiteElo "2295"]
[BlackElo "2390"]

1.e4 e6 2.d4 d5 3.Nd2 Nc6 4.c3 e5 5.exd5 Qxd5 6.Ngf3 exd4 7.Bc4 Qf5 8.Nxd4 Nxd4
9.cxd4 Be6 10.Qa4+ Bd7 11.Qb3 O-O-O 12.O-O Bd6 13.Nf3 f6 14.Re1 Ne7 15.Bd2 Qh5
16.Bf4 Bxf4 17.Rxe7 Bc6 18.Bf7 g6 19.Qe6+ Kb8 20.Qxf6 Bd6 21.Re5 Qh6 22.d5 Bxe5
23.Qxe5 Bd7 24.Nd4 Qf8 25.Ne6 Bxe6 26.dxe6 Qe7 27.h4 h6 28.Bxg6 Rhf8 29.Re1 Qxh4
30.Bf7 Qe7 31.Qg7 Qb4 32.Qe5 Qe7 33.Qg7 Qb4 34.Qc3 Qe7 35.Qg7  1/2-1/2

[Event "BRA-ch"]
[Site "Americana"]
[Date "1996.??.??"]
[Round "1"]
[White "Lima, Darcy"]
[Black "Disconzi da Silva, Rodrigo"]
[Result "1/2-1/2"]
[WhiteElo "2430"]
[BlackElo "2345"]

1.e4 e6 2.d4 d5 3.Nd2 a6 4.Bd3 c5 5.dxc5 Bxc5 6.Ngf3 Nf6 7.e5 Nfd7 8.O-O Nc6
9.Nb3 Be7 10.Re1 g5 11.Nbd4 Nf8 12.c4 Nxd4 13.Nxd4 dxc4 14.Bxc4 Ng6 15.Bb3 Bd7
16.Qh5 g4 17.Qxg4 Qa5 18.Qe2 Bb4 19.Rd1 Qxe5 20.Be3 Rg8 21.Rac1 Rd8 22.Qg4 Ne7
23.Qh3 Rc8 24.Rxc8+ Nxc8 25.Nf3 Qe4 26.Rd4 Qb1+ 27.Rd1 Qe4 28.Rd4 Qb1+ 29.Rd1 Qe4  1/2-1/2